| 000 | 01065nam a22002537a 4500 | ||
|---|---|---|---|
| 999 |
_c7421 _d7421 |
||
| 003 | AR-CdUCM | ||
| 008 | 190320b ||||| |||| 00| 0 spa d | ||
| 020 | _a84-335-6255-X | ||
| 040 |
_aMUNICIPALIDAD PROVINCIAL DEL CUSCO _cBIBLIOTECA MUNICIPAL DEL CUSCO |
||
| 041 | _hger | ||
| 082 |
_a621.3 / _bB35 |
||
| 100 |
_aBeeren, Hans von _920928 |
||
| 245 | _aTécnica de la alta tensión / | ||
| 260 |
_aBarcelona : _bLabor, _c1973. |
||
| 300 |
_a294 páginas ; _bIlustraciones, _c23.5 cm. |
||
| 440 |
_aEscuela del técnico electricista. _n12 _920929 |
||
| 500 | _aTitulo original: Die sghule des electrotechnikers hochspannungstechnik. | ||
| 505 | _aNociones fundamentales -- Cálculos de la capacidad y de la intensidad de campo en el caso de un aislante ideal compacto -- Cálculo de la capacidad y de la intensidad de campo para una substancia aislante ideal estratificada ... | ||
| 650 |
_aDistribución de energía eléctrica _920930 |
||
| 650 |
_aAlta tensión _920931 |
||
| 700 |
_aSiegrist Spinedy, Emilio _920932 |
||
| 942 |
_2ddc _cLIBROS |
||
| 945 | _aacv | ||